| 000 | 00419cam a2200169 4500 | ||
|---|---|---|---|
| 001 | D13838 | ||
| 008 | 090401t1928 xxu||||| |||| 00| 0 eng d | ||
| 035 | _a(Sirsi) u11958 | ||
| 041 | _aeng | ||
| 110 |
_aScholefield and Crouch _92636 |
||
| 245 | 4 | _aThe law of rating and valuation (outside London) | |
| 260 |
_aLondon _bButterworth _c1928 |
||
| 350 | _a0 | ||
| 520 | _aShelf 134 | ||
| 942 | _n0 | ||
| 948 | _c04/03/1997 | ||
| 999 |
_c86935 _d86935 |
||